Rulers of Luxembourg - Statistics

General Stats
  • This quiz has been taken 24 times
  • The average score is 26 of 53
Answer Stats
Reign Answer % Correct
2000- Henri
95%
998-1026 Henry I
75%
1026-1047 Henry II
75%
1086-1096 Henry III
75%
1136-1196 Henry IV
75%
1247-1281 Henry V
75%
1281-1288 Henry VI
75%
1288-1313 Henry VII
75%
1964-2000 Jean
75%
1313-1346 John
70%
1418-1425 John II
70%
1482-1506 Philip II
70%
1467-1477 Charles II
65%
1506-1556 Charles III
65%
1346-1353 Charles IV
65%
1665-1700 Charles IV
65%
1713-1740 Charles V
65%
1919-1964 Charlotte
65%
1443-1467 Philip I
65%
1556-1598 Philip III
65%
1621-1665 Philip IV
65%
1700-1712 Philip V
65%
1792-1794 Francis II
60%
1912-1919 Marie-Adélaïde
60%
1477-1482 Mary I
60%
1096-1131 William I
60%
1905-1912 William IV
60%
1890-1905 Adolphe
55%
1598-1621 Albert
40%
1780-1790 Joseph
40%
1815-1840 Willem I
40%
1840-1849 Willem II
40%
1849-1890 Willem III
40%
1059-1086 Conrad I
35%
1131-1136 Conrad II
35%
1790-1792 Leopold
30%
1196-1197 Otto
30%
1353-1354 Wenceslaus I
30%
1354-1383 Wenceslaus I
30%
1383-1388 Wenceslaus II
30%
1411-1415 Anthony
25%
1136 Ermesinde I
25%
1197-1247 Ermesinde II
25%
1740-1780 Maria II Theresa
25%
1477-1482 Maximilian I
25%
1712-1713 Maximilian II
25%
1411-1443 Elisabeth I
20%
1047-1059 Giselbert
20%
1598-1621 Isabella Clara Eugenia
20%
1388-1411 Jobst
20%
963-998 Siegfried
20%
1197-1214 Theobald I
20%
1214-1226 Waleran
20%
No matching quizzes found
Score Distribution
Percent of People with Each Score
Percentile by Number Answered
Your Score History
You have not taken this quiz